| 000 | 01571nim a22003978i 4500 | ||
|---|---|---|---|
| 001 | BK0024980209 | ||
| 005 | 20190905140208.0 | ||
| 007 | sd fungnnmmned | ||
| 008 | 190829s2019 nyunnnn z n eng d | ||
| 010 | _abl2019025939 | ||
| 020 |
_a9781508297253 : CMD _c29.99 |
||
| 020 |
_a1508297258 : CMD _c29.99 |
||
| 037 |
_bBlackstone Pub, Special Markets Po Box 969, Ashland, OR, USA, 97520 _nSAN 173-2811 |
||
| 040 |
_aNjBwBT _beng _cNjBwBT _erda |
||
| 050 | 1 | 4 |
_aBL624 _b.P734 2019b |
| 082 | 0 | 4 |
_a204/.4 _223 |
| 092 | _a204.4000 | ||
| 100 | 0 |
_aPreethaji, _eauthor, _enarrator. _95799016 |
|
| 245 | 1 | 4 |
_aThe four sacred secrets : _bfor love and prosperity : a guide to living in a beautiful state / _cPreethaji and Krishnaji. |
| 250 | _aUnabridged. | ||
| 264 | 1 |
_a[New York] : _bSimon & Schuster Audio, _c[2019] |
|
| 300 |
_aaudio discs ; _c4 3/4 in. |
||
| 336 | _aspoken word | ||
| 337 | _aaudio | ||
| 338 | _aaudio disc | ||
| 344 |
_adigital _2rda |
||
| 347 |
_aaudio file _2rda _bCD audio |
||
| 511 | 0 | _aRead by the authors. | |
| 520 | _aCombines scientific approaches with ancient spiritual practices to offer guidance on living a less self-centered, more connected, more successful life by practicing four key skills. | ||
| 650 | 0 |
_aSpiritual life. _992023 |
|
| 650 | 0 |
_aConsciousness _xReligious aspects. _95799017 |
|
| 650 | 0 |
_aSuccess _xReligious aspects. _995372 |
|
| 650 | 0 |
_aHappiness _xReligious aspects. _985105 |
|
| 655 | 7 |
_aAudiobooks. _2lcgft _95799018 |
|
| 700 | 0 |
_aKrishnaji, _eauthor, _enarrator. _95799019 |
|
| 999 |
_c248451 _d248451 |
||